000 00558nam a2200217Ia 4500
003 OSt
005 20220926042744.0
006 a|||||r|||| 00| 0
007 ta
008 220923b |||||||| |||| 00| 0 eng d
037 _cGeneral Book
040 _aRTL
_cRTL
_beng
041 _2eng
_aeng
082 _aX726::73:N2, F5
100 _aSimon Leon Gilbert
_9346682
245 0 _aInheritance taxation
260 _c1925
650 _aInheritance
942 _hX726::73:N2, F5
_cGB
_2CC
999 _c670484
_d670484